|
|
|
|
| LEADER |
01424nam a2200373 i 4500 |
| 001 |
30810 |
| 003 |
BD-DhAAL |
| 005 |
20170104103836.0 |
| 008 |
160106s2013 enk b 001 0 eng d |
| 010 |
|
|
|a 2013370658
|
| 020 |
|
|
|a 9781780325712 (pbk.)
|
| 020 |
|
|
|a 1780325711 (pbk.)
|
| 020 |
|
|
|a 9781780325729 (hdbk.)
|
| 020 |
|
|
|a 178032572X (hdbk.)
|
| 040 |
|
|
|a YDXCP
|b eng
|c YDXCP
|e rda
|d GZM
|d YOU
|d CGU
|d NHM
|d OKU
|d DLC
|d BD-DhAAL
|
| 050 |
0 |
0 |
|a HQ29
|b .W668 2013
|
| 082 |
0 |
4 |
|a 306.7082
|2 23
|
| 999 |
|
|
|c 36556
|d 36556
|
| 999 |
|
|
|c 36556
|
| 245 |
0 |
0 |
|a Women, sexuality and the political power of pleasure /
|c edited by Susie Jolly, Andrea Cornwall and Kate Hawkins.
|
| 260 |
|
|
|a London ;
|b New York :
|c 2013
|
| 300 |
|
|
|a x, 309 pages ;
|c 22 cm.
|
| 490 |
1 |
|
|a Feminisms and development
|
| 504 |
|
|
|a Includes bibliographical references and index.
|
| 526 |
|
|
|a BIGD
|
| 541 |
|
|
|e 30810
|
| 650 |
|
0 |
|a Women
|x Sexual behavior
|x Political aspects.
|9 17211
|
| 650 |
|
0 |
|a Sexual excitement
|x Political aspects.
|9 17212
|
| 700 |
1 |
|
|a Jolly, Susie,
|e editor.
|9 17213
|
| 700 |
1 |
|
|a Cornwall, Andrea,
|d 1963-
|e editor.
|9 17214
|
| 700 |
1 |
|
|a Hawkins, Kate,
|d 1975-
|e editor.
|9 17215
|
| 830 |
|
0 |
|a Feminisms and development.
|9 17216
|
| 942 |
|
|
|2 ddc
|c BK
|
| 952 |
|
|
|0 0
|1 0
|2 ddc
|4 0
|6 306_708200000000000_WOM
|7 0
|9 57534
|a BRACUL
|b BRACUL
|c GEN
|d 2016-01-06
|e Sohela Nazneen, BIGD
|l 2
|m 5
|o 306.7082 WOM
|p 3010030810
|r 2026-05-06
|s 2026-04-26
|t 1
|w 2016-01-06
|y BK
|